Города, которые контролировала Ось — неожиданная смерть - Statistics

General Stats
  • This quiz has been taken 275 times
  • The average score is 5 of 18
Answers on the Grid
Answers color-coded by a green-red scale on the quiz's grid according to % correct below.
Краснодар
Осло
Петрозаводск
Сингапур
Пекин
Ухань
Гуанчжоу
Ханой
Манила
Янгон
Тверь
Ставрополь
Париж
Сеул
Южно-Сахалинск
Марракеш
Марсель
Белград
Гонолулу
Каир
Владивосток
Чунцин
Липецк
Тула
Стамбул
Никосия
Александрия
Калькутта
Грозный
Валлетта
 
Answer Stats
Answer % Correct
Осло
54%
Париж
54%
Белград
50%
Пекин
38%
Сеул
34%
Краснодар
28%
Южно-Сахалинск
27%
Ханой
26%
Тверь
26%
Марсель
25%
Сингапур
24%
Манила
24%
Петрозаводск
19%
Ухань
18%
Ставрополь
17%
Гуанчжоу
14%
Янгон
11%
Марракеш
10%
No matching quizzes found
Score Distribution
Percent of People with Each Score
Percentile by Number Answered
Your Score History
You have not taken this quiz